<?xml version="1.0" encoding="UTF-8"?>
<record
    xmlns:xsi="http://www.w3.org/2001/XMLSchema-instance"
    xsi:schemaLocation="http://www.loc.gov/MARC21/slim http://www.loc.gov/standards/marcxml/schema/MARC21slim.xsd"
    xmlns="http://www.loc.gov/MARC21/slim">

  <leader>00889nam a22002417a 4500</leader>
  <datafield tag="010" ind1=" " ind2=" ">
    <subfield code="a">A-878515</subfield>
  </datafield>
  <datafield tag="020" ind1=" " ind2=" ">
    <subfield code="a">8173803242</subfield>
    <subfield code="c">200.00</subfield>
  </datafield>
  <datafield tag="035" ind1=" " ind2=" ">
    <subfield code="a">A-878515</subfield>
  </datafield>
  <datafield tag="037" ind1=" " ind2=" ">
    <subfield code="a">Cen Lib / Ret</subfield>
  </datafield>
  <datafield tag="040" ind1=" " ind2=" ">
    <subfield code="a">DPL</subfield>
    <subfield code="b">PN</subfield>
  </datafield>
  <datafield tag="082" ind1=" " ind2=" ">
    <subfield code="a">700</subfield>
    <subfield code="b">&#xA38;&#xA30;&#xA4B;&#xA1C;</subfield>
  </datafield>
  <datafield tag="100" ind1=" " ind2=" ">
    <subfield code="a">&#xA38;&#xA30;&#xA4B;&#xA1C; &#xA1A;&#xA2E;&#xA28; </subfield>
    <subfield code="9">119335</subfield>
  </datafield>
  <datafield tag="245" ind1=" " ind2=" ">
    <subfield code="a">&#xA38;&#xA4C;&#xA70;&#xA26;&#xA30;&#xA2F; &#xA38;&#xA3C;&#xA3E;&#xA38;&#xA24;&#xA30; /</subfield>
    <subfield code="c">&#xA38;&#xA30;&#xA4B;&#xA1C; &#xA1A;&#xA2E;&#xA28; </subfield>
  </datafield>
  <datafield tag="246" ind1=" " ind2=" ">
    <subfield code="a">Saundarya shastar /</subfield>
    <subfield code="b">Saroj Chaman</subfield>
  </datafield>
  <datafield tag="260" ind1=" " ind2=" ">
    <subfield code="a">&#xA2A;&#xA3E;&#xA1F;&#xA40;&#xA06;&#xA32;&#xA3E; </subfield>
    <subfield code="b">&#xA2A;&#xA70;&#xA1C;&#xA3E;&#xA2C;&#xA40; &#xA09;&#xA42;&#xA28;&#xA40;&#xA35;&#xA30;&#xA38;&#xA3F;&#xA1F;&#xA40; </subfield>
    <subfield code="c">1997</subfield>
  </datafield>
  <datafield tag="270" ind1=" " ind2=" ">
    <subfield code="a">&#xA2A;&#xA70;&#xA1C;&#xA3E;&#xA2C;&#xA40; &#xA09;&#xA42;&#xA28;&#xA40;&#xA35;&#xA30;&#xA38;&#xA3F;&#xA1F;&#xA40; </subfield>
    <subfield code="b">&#xA2A;&#xA3E;&#xA1F;&#xA40;&#xA06;&#xA32;&#xA3E; </subfield>
  </datafield>
  <datafield tag="300" ind1=" " ind2=" ">
    <subfield code="a">xv, 271p ; </subfield>
    <subfield code="b">24cm (Hb)</subfield>
  </datafield>
  <datafield tag="650" ind1=" " ind2=" ">
    <subfield code="a">&#xA38;&#xA3E;&#xA39;&#xA3F;&#xA24; -- &#xA2A;&#xA70;&#xA1C;&#xA3E;&#xA2C;&#xA40;</subfield>
    <subfield code="9">119336</subfield>
  </datafield>
  <datafield tag="650" ind1=" " ind2=" ">
    <subfield code="a">&#xA2B;&#xA40;&#xA28;&#xA47; &#xA06;&#xA30;&#xA1F;&#xA38; </subfield>
    <subfield code="9">1541</subfield>
  </datafield>
  <datafield tag="650" ind1=" " ind2=" ">
    <subfield code="a">Fine art</subfield>
    <subfield code="9">86109</subfield>
  </datafield>
  <datafield tag="650" ind1=" " ind2=" ">
    <subfield code="a">Literature -- Punjabi</subfield>
    <subfield code="9">114104</subfield>
  </datafield>
  <datafield tag="942" ind1=" " ind2=" ">
    <subfield code="2">ddc</subfield>
    <subfield code="c">PN</subfield>
    <subfield code="h">700</subfield>
    <subfield code="m">&#xA38;&#xA30;&#xA4B;&#xA1C;</subfield>
  </datafield>
  <datafield tag="999" ind1=" " ind2=" ">
    <subfield code="c">109820</subfield>
    <subfield code="d">109820</subfield>
  </datafield>
  <datafield tag="952" ind1=" " ind2=" ">
    <subfield code="0">0</subfield>
    <subfield code="1">0</subfield>
    <subfield code="4">0</subfield>
    <subfield code="7">0</subfield>
    <subfield code="a">L</subfield>
    <subfield code="b">L</subfield>
    <subfield code="d">2016-01-07</subfield>
    <subfield code="e">Cen Lib/Ret</subfield>
    <subfield code="g">200.00</subfield>
    <subfield code="l">0</subfield>
    <subfield code="o">700 &#xA38;&#xA30;&#xA4B;&#xA1C;</subfield>
    <subfield code="p">A-878515</subfield>
    <subfield code="r">2016-01-07 00:00:00</subfield>
    <subfield code="t">1</subfield>
    <subfield code="v">200.00</subfield>
    <subfield code="w">2016-01-07</subfield>
    <subfield code="y">PN</subfield>
  </datafield>
</record>
